[Event "Reykjavik Open 2026"]
[Site "Reykjavik"]
[Date "2026.03.30"]
[Round "8.171"]
[White "Jamil, Emil Jacobsen"]
[Black "Schroeder, Liam Maddox"]
[Result "1-0"]
[WhiteElo "1769"]
[WhiteFideId "7204183"]
[BlackElo "1577"]
[BlackFideId "34651020"]
[Variant "Standard"]

1. c4 Nf6 2. Nc3 g6 3. e4 d6 4. g3 e5 5. Bg2 Bg7 6. Nge2 Nc6 7. O-O O-O 8. f4 exf4 9. Nxf4 Ng4 10. Nfe2 Nd4 11. h3 Nxe2+ 12. Nxe2 Ne5 13. d3 c5 14. Be3 Be6 15. Nf4 Nc6 16. Qd2 Rb8 17. Rae1 a6 18. b3 b5 19. Nd5 Bxd5 20. exd5 Nd4 21. Bg5 f6 22. Bf4 Qd7 23. Qa5 Rfc8 24. Qxa6 Bf8 25. Qa3 Nc2 26. Qb2 Nxe1 27. Rxe1 g5 28. Bd2 Bg7 29. Bc3 Rf8 30. Re6 Qd8 31. Be4 b4 32. Bxb4 Rxb4 33. Bf5 Rb7 34. d4 cxd4 35. Qxd4 Qb6 36. Qxb6 Rxb6 37. c5 Rb5 38. Rxd6 Rxc5 39. Rc6 Ra5 40. a4 Rd8 41. Be6+ Kh8 42. d6 Bf8 43. d7 Kg7 44. g4 Re5 45. Kf2 Bc5+ 46. Kg2 Kf8 47. a5 Ke7 48. Bf5 h5 49. a6 Bb4 50. Rc4 Ba5 51. Ra4 h4 52. a7 Ra8 53. b4 Bd8 54. Ra6 Rxf5 55. gxf5 Kxd7 56. Kf3 Kc7 57. Ke4 Kb7 58. b5 Rxa7 59. Re6 Kc8 60. Rc6+ Rc7 61. Re6 Rc5 62. b6 Rb5 63. Rc6+ Kd7 64. Rc3 Rxb6 65. Kd5 Rd6+ 66. Ke4 Rd1 67. Kf3 Rf1+ 1-0

[Event "Reykjavik Open 2026"]
[Site "Reykjavik"]
[Date "2026.03.30"]
[Round "8.172"]
[White "Hellstrand, Josefina"]
[Black "Johannsdottir, Hildur Berglind"]
[Result "1-0"]
[WhiteElo "1766"]
[WhiteFideId "1776797"]
[BlackElo "1545"]
[BlackFideId "2306425"]
[Variant "Standard"]

1. e4 e5 2. Bc4 Nf6 3. Nc3 Bc5 4. Nf3 Nc6 5. d3 h6 6. h3 a6 7. O-O d6 8. Be3 Ba7 9. Nd5 Na5 10. Nxf6+ Qxf6 11. Bd5 g5 12. c3 c6 13. Qa4 Bxh3 14. Qxa5 cxd5 15. Nh2 Bd7 16. Bxa7 Rxa7 17. Qb6 Ra8 18. Qxb7 Qd8 19. Qxd5 Be6 20. Qc6+ Kf8 21. Qa4 h5 22. d4 g4 23. Qd1 Qg5 24. Qc1 Qg6 25. Qe3 h4 26. dxe5 g3 27. exd6 gxh2+ 28. Kxh2 Rg8 29. Rg1 Qh5 30. f4 Rg3 31. Qd4 Kg8 32. Rad1 Qg4 33. d7 Rh3+ 34. gxh3 1-0

[Event "Reykjavik Open 2026"]
[Site "Reykjavik"]
[Date "2026.03.30"]
[Round "8.173"]
[White "Tsai, Nicholas"]
[Black "De Winter, Eric"]
[Result "1-0"]
[WhiteElo "1564"]
[WhiteFideId "39954811"]
[BlackElo "1761"]
[BlackFideId "1033069"]
[Variant "Standard"]

1. d4 Nf6 2. Nc3 d5 3. Bf4 c6 4. e3 g6 5. Bd3 Bg7 6. h4 Nh5 7. Be5 Nd7 8. Bxg7 Nxg7 9. Qe2 e6 10. Nf3 c5 11. dxc5 Nxc5 12. O-O-O Nxd3+ 13. Qxd3 Qa5 14. Qd4 Rg8 15. Qe5 f6 16. Qxf6 Qd8 17. Qe5 Kf8 18. Rh3 Bd7 19. Ng5 Qe7 20. Nxh7+ Kf7 21. Rf3+ Nf5 22. g4 Ke8 23. gxf5 Qxh7 24. fxe6 Bc6 25. Rf7 1-0

[Event "Reykjavik Open 2026"]
[Site "Reykjavik"]
[Date "2026.03.30"]
[Round "8.174"]
[White "Sankrithi, Sarang Athreya"]
[Black "Filippo, Gaston"]
[Result "1/2-1/2"]
[WhiteElo "1491"]
[WhiteFideId "39939090"]
[BlackElo "1760"]
[BlackFideId "1362119"]
[Variant "Standard"]

1. e4 Nf6 2. e5 Nd5 3. c4 Nb6 4. a4 a5 5. Ra3 d6 6. exd6 cxd6 7. Rg3 Nc6 8. d4 Bf5 9. Na3 g6 10. h4 Bg7 11. Nf3 e5 12. d5 Nd4 13. Nxd4 exd4 14. Nb5 O-O 15. Nxd4 Re8+ 16. Be2 Bd7 17. b3 Re4 18. Nf3 Qe7 19. Be3 Bc3+ 20. Kf1 Rxe3 21. fxe3 Qxe3 22. h5 Be5 23. Nxe5 Qxg3 24. Nxd7 Nxd7 25. hxg6 fxg6 26. Rh3 Rf8+ 27. Bf3 Qf4 28. Qe2 Ne5 29. Kg1 Qc1+ 30. Kh2 Qf4+ 31. Kg1 g5 32. Qe4 Nxf3+ 33. gxf3 Qxe4 34. fxe4 Re8 35. Rh6 Rxe4 36. Rxd6 Rg4+ 37. Kf2 h5 38. Rd7 h4 39. Rxb7 h3 40. Re7 Rg2+ 41. Kf1 Rb2 42. Kg1 Rb1+ 43. Kh2 g4 44. Re4 Rb2+ 45. Kg1 Rg2+ 46. Kh1 g3 47. Rh4 1/2-1/2

[Event "Reykjavik Open 2026"]
[Site "Reykjavik"]
[Date "2026.03.30"]
[Round "8.177"]
[White "Banta, Robert Lance"]
[Black "Patel, Parisa"]
[Result "1-0"]
[WhiteElo "1724"]
[WhiteFideId "39908682"]
[BlackElo "1498"]
[BlackFideId "343410065"]
[Variant "Standard"]

1. c4 Nf6 2. Nc3 e6 3. Nf3 Bb4 4. a3 Bxc3 5. bxc3 O-O 6. d4 b6 7. Bg5 Bb7 8. e3 d5 9. Be2 Nbd7 10. O-O Rc8 11. Rc1 c5 12. Nd2 Qe7 13. Qb3 Rc7 14. Rc2 Rd8 15. Rfc1 Qe8 16. Bf4 e5 17. Bg3 Rcc8 18. cxd5 exd4 19. c4 Ne4 20. Nxe4 Qxe4 21. Bf3 Qf5 22. e4 Qf6 23. Bg4 Qg5 24. Bh3 Qe7 25. Re1 f6 26. f4 Re8 27. Rce2 Rcd8 28. Qd3 Ba6 29. Be6+ Kh8 30. e5 Nf8 31. Bh3 fxe5 32. Rxe5 Qf7 33. Be6 Qc7 34. f5 Nd7 35. R5e4 Qb7 36. Qe2 Nf6 37. Re5 b5 38. Rb1 Nd7 39. Re4 Nf6 40. Rh4 b4 41. axb4 Nxd5 42. Rxh7+ Kxh7 43. Qh5# 1-0

[Event "Reykjavik Open 2026"]
[Site "Reykjavik"]
[Date "2026.03.30"]
[Round "8.185"]
[White "Walshaw, David"]
[Black "Sankrithi, Vivaan Krishna"]
[Result "1-0"]
[WhiteElo "1717"]
[WhiteFideId "422967"]
[BlackElo "1503"]
[BlackFideId "39949419"]
[Variant "Standard"]

1. e4 c5 2. Nf3 e6 3. d4 Nc6 4. Be3 Qb6 5. Nc3 Qxb2 6. Nb5 cxd4 7. Nfxd4 Bb4+ 8. Ke2 Ba5 9. Rb1 Qxa2 10. Ra1 Qb2 11. Rxa5 Nxa5 12. Nc7+ Kf8 13. Nxa8 b6 14. f3 Nc4 15. Bc1 Qb4 16. Kf2 Qc5 17. Bxc4 Qxc4 18. Bf4 f6 19. Bd6+ Kf7 20. Nc7 Nh6 21. Qd2 Bb7 22. Rb1 Rc8 23. Rb4 Qa2 24. Nb3 Qb1 25. Nc5 Qa1 26. Nxb7 g5 27. Be5 Qxe5 28. Qxd7+ Kg6 29. Qxc8 g4 30. Qe8+ Kg5 31. Rb5 1-0

[Event "Reykjavik Open 2026"]
[Site "Reykjavik"]
[Date "2026.03.30"]
[Round "8.186"]
[White "Helgason, Olafur Sindri"]
[Black "Skulason, Robert Heidar"]
[Result "1/2-1/2"]
[WhiteElo "1699"]
[WhiteFideId "370243352"]
[BlackElo "1474"]
[BlackFideId "2332825"]
[Variant "Standard"]

1. d4 Nf6 2. Bf4 e6 3. Nc3 Bb4 4. e3 Bxc3+ 5. bxc3 d5 6. Bd3 Nbd7 7. Nf3 O-O 8. Ne5 Nxe5 9. Bxe5 Nd7 10. Bf4 Nf6 11. Bg5 h6 12. Bh4 Qe7 13. f4 Bd7 14. O-O Rfe8 15. a4 a5 16. Qe2 b6 17. Rab1 Rab8 18. c4 Rb7 19. c5 Bc6 20. Ba6 Rbb8 21. cxb6 Rxb6 22. Rxb6 cxb6 23. Bb5 Bxb5 24. Qxb5 Rb8 25. Rb1 Qe8 26. Qb3 1/2-1/2

[Event "Reykjavik Open 2026"]
[Site "Reykjavik"]
[Date "2026.03.30"]
[Round "8.187"]
[White "B. Berglindardottir, Emilia Embla"]
[Black "Sigurdardottir, Sigrun Tara"]
[Result "1-0"]
[WhiteElo "1656"]
[WhiteFideId "2318946"]
[BlackElo "1470"]
[BlackFideId "2322030"]
[Variant "Standard"]

1. d4 d5 2. c4 c6 3. Nf3 Nf6 4. Nc3 Bf5 5. Bg5 e6 6. e3 Be7 7. cxd5 cxd5 8. Bd3 Bg6 9. O-O Nc6 10. Bf4 Nh5 11. Bg3 Nxg3 12. fxg3 Qb6 13. b3 Qc7 14. Rc1 Bxd3 15. Qxd3 Qd7 16. Qe2 O-O 17. Nb1 h6 18. a3 a6 19. b4 Rac8 20. Nbd2 Bf6 21. Nh4 Qe7 22. Qg4 Bg5 23. Rce1 Rce8 24. Ndf3 Bxh4 25. Nxh4 Qd7 26. Rf4 Rd8 27. Qh5 Qe7 28. Rg4 Kh7 29. Nf3 f5 30. Rg6 Rf6 31. Ng5+ Kh8 32. Rxf6 Qxf6 33. Nf7+ Kg8 34. Nxd8 Nxd8 35. Qe8+ Qf8 36. Qxf8+ Kxf8 37. h4 Ke7 38. Kf2 Kf6 39. Kf1 h5 40. Rc1 Nc6 41. Rc5 Nb8 42. a4 e5 43. Rxd5 exd4 44. exd4 Ke6 45. Re5+ Kf6 46. b5 axb5 47. Rxb5 Nc6 48. Rxb7 Nxd4 49. a5 Ke6 50. a6 Nc6 51. a7 Nxa7 52. Rxa7 Ke5 53. Kf2 Kf6 54. Kf3 g6 55. Kf4 Ke6 56. Ra6+ Kf7 57. Kg5 Kg7 58. Ra7+ Kf8 59. Kxg6 Ke8 60. Kf6 Kd8 61. Ke6 Kc8 62. Kd6 Kb8 63. Rh7 Kc8 64. Rg7 Kb8 65. Kc6 Ka8 66. Kb6 Kb8 67. Rg8# 1-0

[Event "Reykjavik Open 2026"]
[Site "Reykjavik"]
[Date "2026.03.30"]
[Round "8.188"]
[White "Koppe, Cordelia"]
[Black "Tomasdottir, Katrin Osk"]
[Result "1-0"]
[WhiteElo "1656"]
[WhiteFideId "16232119"]
[BlackElo "1449"]
[BlackFideId "2331560"]
[Variant "Standard"]

1. d4 d5 2. Nf3 Nf6 3. c3 e6 4. Bf4 Bd6 5. Ne5 O-O 6. e3 c5 7. Bd3 Qc7 8. Nd2 Nbd7 9. Ndf3 b6 10. O-O Bb7 11. Rc1 Rac8 12. Bb5 Rfd8 13. Bg3 h6 14. Re1 a6 15. Bxd7 Nxd7 16. Nxd7 Rxd7 17. Ne5 Rdd8 18. f4 b5 19. Qh5 Bf8 20. Rf1 g6 21. Qh3 Qe7 22. Bh4 f6 23. Nxg6 Qf7 24. f5 Kh7 25. Nf4 Re8 26. fxe6 Qg7 27. Qf5+ Kg8 28. Nh5 Qe7 29. Nxf6+ Kh8 30. Nxe8 Qxe8 31. Bf6+ Bg7 32. Qh3 Rc7 33. Qxh6+ Kg8 34. Qg5 Qxe6 35. Be5 Rd7 36. Rf6 Qe7 37. Rcf1 Kh7 38. Qg6+ Kg8 39. Rf7 Qxf7 40. Rxf7 Rxf7 41. Bxg7 Rxg7 42. Qe8+ Kh7 43. g3 cxd4 44. cxd4 Rc7 45. Qe5 Rc1+ 46. Kg2 Rc2+ 47. Kf3 Rxb2 48. Qc7+ Kg8 49. Qxb7 b4 50. Qxd5+ Kh7 51. h4 a5 52. Qxa5 1-0

[Event "Reykjavik Open 2026"]
[Site "Reykjavik"]
[Date "2026.03.30"]
[Round "8.189"]
[White "Sigurbjornsson, Ivar Orn"]
[Black "Lorenz, Constantin"]
[Result "0-1"]
[WhiteElo "1527"]
[WhiteFideId "2305305"]
[BlackElo "1637"]
[BlackFideId "34672877"]
[Variant "Standard"]

{ y }
1. e4 c5 2. Nf3 e6 3. Nc3 Nc6 4. Bb5 Nd4 5. e5 f6 6. Nxd4 cxd4 7. Ne4 f5 8. Nd6+ Bxd6 9. exd6 Qb6 10. Qh5+ g6 11. Qe2 Qxd6 12. O-O Nf6 13. d3 Ng4 14. g3 Qd5 15. Ba4 Ne5 16. f4 Ng4 17. c4 Qa5 18. Qc2 b6 19. Bd2 Qc5 20. b4 Qd6 21. Rfe1 Bb7 22. Rxe6+ Qxe6 23. Re1 Ne3 24. Qc1 O-O-O 25. Bxe3 dxe3 26. Rxe3 Qd6 27. Qe1 Qd4 28. Kf1 Qb2 29. Re2 Qd4 30. Re3 d5 31. Re7 Kb8 32. Rxb7+ Kxb7 33. Qe7+ Kc8 34. Bc6 Qxd3+ 35. Kg2 Qe4+ 0-1

[Event "Reykjavik Open 2026"]
[Site "Reykjavik"]
[Date "2026.03.30"]
[Round "8.191"]
[White "Holm Kjartansson, Omar Jon"]
[Black "Mahabiersing, Caspar"]
[Result "0-1"]
[WhiteElo "1444"]
[WhiteFideId "2322323"]
[BlackElo "1595"]
[BlackFideId "40119882"]
[Variant "Standard"]

1. d4 f5 2. Nc3 Nf6 3. Bf4 e6 4. e3 Be7 5. Nb5 d6 6. c3 c6 7. Na3 O-O 8. h3 Nbd7 9. g4 Ne4 10. f3 Bh4+ 11. Ke2 Nf2 12. Qc2 Nxh1 13. gxf5 exf5 14. Kd1 Nb6 15. Qg2 Nd5 16. Bh6 Qf6 17. Bf4 Ng3 18. Bc4 Nh5 19. Ne2 Kh8 20. Bxd5 cxd5 21. Kc2 Bd7 22. Rg1 Rf7 23. Qh2 Nxf4 24. Nxf4 Be6 25. Nb5 Rd7 26. Qg2 a6 27. Nxe6 Qxe6 28. Na3 Qxe3 29. Kb3 Bf6 30. Nc2 Qd3 31. a3 Qc4# 0-1

[Event "Reykjavik Open 2026"]
[Site "Reykjavik"]
[Date "2026.03.30"]
[Round "8.196"]
[White "Barlage, Stefan"]
[Black "Niori, Nona"]
[Result "1/2-1/2"]
[WhiteElo "1571"]
[WhiteFideId "34698558"]
[BlackElo "1421"]
[BlackFideId "7006527"]
[Variant "Standard"]

1. e4 d5 2. exd5 Qxd5 3. d4 c6 4. Nc3 Qd8 5. Bf4 Bf5 6. Nf3 e6 7. Bd3 Bxd3 8. Qxd3 Nf6 9. a3 Be7 10. O-O Nbd7 11. Ne2 O-O 12. c3 Rc8 13. Rad1 Re8 14. Rfe1 Qb6 15. Qb1 Qb3 16. Nc1 Qb5 17. Nd3 Nd5 18. Bg5 Bxg5 19. Nxg5 Nf8 20. Nf3 Ng6 21. Nde5 Nxe5 22. Nxe5 Nf6 23. h3 Rcd8 24. Nf3 h6 25. Qa2 Qd5 26. Qb1 Qd6 27. Qc2 Qc7 28. Qa4 Qb6 29. Qc2 Re7 30. Ne5 c5 31. dxc5 Rxd1 32. Rxd1 Qxc5 33. Nf3 Re8 34. b4 Qb6 35. Nd4 Rd8 36. Nb3 Rxd1+ 37. Qxd1 Nd5 38. c4 Nf4 39. c5 Qc6 40. f3 Qa6 41. Na5 b6 42. Qd6 Nd5 43. cxb6 axb6 44. Qc6 Nf4 45. Nc4 Ne2+ 46. Kh2 Nd4 47. b5 Qxb5 48. Qa8+ Kh7 49. Qe4+ Nf5 50. g4 Qc5 51. gxf5 Qf2+ 52. Kh1 Qf1+ 1/2-1/2

[Event "Reykjavik Open 2026"]
[Site "Reykjavik"]
[Date "2026.03.30"]
[Round "8.198"]
[White "Sigurdardottir, Emilia"]
[Black "Birgisson, Hilmar Freyr"]
[Result "½-½"]
[WhiteElo "1435"]
[WhiteFideId "2322021"]
[BlackElo "1651"]
[BlackFideId "2322943"]
[Variant "Standard"]

1. e4 c5 2. Nf3 Nc6 3. d4 cxd4 4. Nxd4 e5 5. Nxc6 bxc6 6. Bc4 Nf6 7. Bg5 Be7 8. Nc3 d6 9. Bxf6 Bxf6 10. O-O O-O 11. Re1 Bg5 12. Qd3 Kh8 13. Ba6 Bg4 14. Bb7 Rb8 15. Bxc6 Rxb2 16. Rab1 Rxb1 17. Rxb1 f5 18. h3 fxe4 19. Bxe4 Be6 20. Rb7 h6 21. Rxa7 Qb6 22. Ra8 Qxf2+ 23. Kh1 Qe1+ 24. Kh2 Bf4+ 25. g3 Qf2+ 26. Kh1 Rxa8 27. Bxa8 Bxg3 28. Qe2 Qd4 29. Qf3 Bf4 30. a4 Qd2 31. Ne2 Qd1+ 32. Kg2 Qxc2 33. Kf1 Qxa4 34. Qb7 Bxh3+ 35. Kf2 Be6 36. Qb8+ Bg8 37. Bd5 Qa7+ 38. Qxa7 Bxd5 39. Qb8+ Bg8 40. Qxd6 Bg5 41. Qxe5 Bf6 42. Qe4 Bh7 43. Qe8+ Bg8 44. Nf4 Bh4+ 45. Kf3 Bg5 46. Ne6 Bf6 47. Nf8 Bd5+ 48. Kf4 Bg8 49. Ng6+ Kh7 50. Ne7 Be6 51. Nf5 Bb3 52. Qd7 Bg5+ 53. Ke4 Bf6 54. Nd4 Ba2 55. Qf5+ Kh8 56. Qa5 Bb1+ 57. Kf3 Kh7 58. Ne6 Bc2 59. Nxg7 Bxg7 60. Qc7 Bg6 61. Kf4 Bd3 62. Qd6 Bg6 63. Qe7 Bb1 64. Kg4 Bg6 65. Qe6 Bh8 66. Kf4 Bg7 67. Qh3 Bb1 68. Kg4 Bg6 69. Qa3 Bh8 70. Kh4 Bf6+ 71. Kh3 Bg7 ½-½